Acidification in Finland /

Bibliographic Details
Other Authors: Kauppi, Pekka, Anttila, Pia, 1958-, Kenttämies, Kaarle, 1941-
Format: Book
Language:English
Published: Berlin ; New York : Springer-Verlag, [1990]
Subjects:

MARC

Tag First Indicator Second Indicator Subfields
LEADER 00000cam a2200000 a 4500
001 in00000985421
005 20150927182152.0
008 900227s1990 gw a b 00000 eng
010 |a  90009627  
020 |a 0387522131 (U.S. : alk. paper) 
035 |a (OCoLC)21229612 
035 |9 AEZ3243AM 
040 |a DLC  |c DLC  |d TXA  |d UtOrBLW 
043 |a e-fi--- 
049 |a TXAM 
050 0 0 |a TD195.54.F5  |b A25 1990 
082 0 0 |a 363.73/862/094897  |2 20 
245 0 0 |a Acidification in Finland /  |c Pekka Kauppi, Pia Anttilla, Kaarle Kenttämies (eds.). 
264 1 |a Berlin ;  |a New York :  |b Springer-Verlag,  |c [1990] 
264 4 |c ©1990 
300 |a xviii, 1237 pages :  |b illustrations (some color) ;  |c 25 cm. 
336 |a text  |b txt  |2 rdacontent 
337 |a unmediated  |b n  |2 rdamedia 
338 |a volume  |b nc  |2 rdacarrier 
504 |a Includes bibliographical references. 
500 |a Finnish acidification research programme HARPO 1985-1990. 
650 0 |a Acid deposition  |x Environmental aspects  |z Finland. 
650 0 |a Pollution  |z Finland. 
700 1 |a Kauppi, Pekka. 
700 1 |a Anttila, Pia,  |d 1958- 
700 1 |a Kenttämies, Kaarle,  |d 1941- 
999 |a MARS 
999 f f |s 0ef5a0ce-fdf4-3375-a06b-d14bd15e201f  |i 8be0d21e-930a-3471-ba52-1d0909965d98  |t 0 
952 f f |p ric  |a Texas A&M University  |b Rellis Campus  |c Joint Library Facility  |d Remote Storage  |t 0  |e TD195.54.F5 A25 1990  |h Library of Congress classification  |i unmediated -- volume  |m A14814072888 
998 f f |a TD195.54.F5 A25 1990  |t 0  |l Remote Storage